000 00469nam a2200181Ia 4500
001 7932
005 20260306160532.0
008 260306t2017||||xx |||||||||||||| ||spa||
041 _aESP
082 _a364
_bG45
100 _aGil Villa, Fernando
_eAUT
245 0 _aIntroducción a las teorías criminológicas:
_bpor qué rompemos con la norma
260 _c2017
300 _a152 páginas :
_c21 cm.
650 _aGEN
654 _aCPS
942 _cLIB
_dJUS
_fJUS
_2ddc
_n
999 _c7932
_d7932